LEADER 01071nas 2200397 c 450 001 9910894548003321 005 20260218110527.0 035 $a(CKB)3790000000115057 035 $a(OCoLC)224897628 035 $a(DE-101)991178793 035 $a(DE-599)ZDB2463952-7 035 $a(DE-599)2463952-7 035 $a(EXLCZ)993790000000115057 100 $a20081110a20019999 |y | 101 0 $aeng 135 $aur||||||||||| 181 $ctxt$2rdacontent 182 $cc$2rdamedia 183 $acr$2rdacarrier 200 00$aAustralia's environment$eissues and trends $fAustralian Bureau of Statistics 210 31$aBelconnen, ACT$d2001- 215 $aOnline-Ressource 311 08$a1443-7155 608 $aZeitschrift$2gnd-content 608 $aStatistik$2gnd-content 676 $a310 676 $a333.7 676 $a690 712 02$aAustralien$bBureau of Statistics$4isb 801 0$b0206 801 1$bDE-101 801 2$b9999 906 $aJOURNAL 912 $a9910894548003321 996 $aAustralia's environment$94260903 997 $aUNINA